[Event "FRA-ch U08 Girls"]
[Site "Le Grand Bornand"]
[Date "2007.04.??"]
[Round "7"]
[White "Salzinger, Maelle"]
[Black "Leriche, Ines"]
[Result "0-1"]
[WhiteElo "1009"]
[BlackElo "1040"]
[PlyCount "60"]
[EventDate "2007.04.07"]
[EventType "swiss"]
[EventRounds "9"]
[EventCountry "FRA"]
[SourceTitle "CBM 118 Extra"]
[Source "ChessBase"]
[SourceDate "2007.07.04"]
[SourceVersion "1"]
[SourceVersionDate "2007.07.04"]
[SourceQuality "1"]

1. e4 e5 2. Nf3 Nc6 3. d4 exd4 4. Nxd4 Nf6 5. Nc3 Bb4 6. Bg5 h6 7. Bh4 0-0 8. Bb5 Qe7 9. f3 a6 10. Bxc6 dxc6 11. 0-0 c5 12. Nf5 Bxf5 13. exf5 Qe5 14. Qd3 Rad8 15. Qe4 Nxe4 16. fxe4 Rd2 17. Bg3 Qd4+ 18. Bf2 Qc4 19. Nd5 Qxe4 20. Nc3 Bxc3 21. bxc3 Qe2 22. Rab1 Rfd8 23. Rxb7 Rd1 24. h3 Qxf1+ 25. Kh2 Qxf2 26. f6 R8d2 27. Rb8+ Kh7 28. Rh8+ Kxh8 29. fxg7+ Kxg7 30. h4 Qxg2# 0-1